| 000 | 00664nam a22002177a 4500 | ||
|---|---|---|---|
| 005 | 20221222152431.0 | ||
| 008 | 221222b ||||| |||| 00| 0 eng d | ||
| 040 | _cAL | ||
| 050 | _aEnglish | ||
| 082 |
_223 _a294.0954 _bWILR |
||
| 100 |
_aMonier Williams _967621 |
||
| 245 | _aReligious thought and life in India: Vedism Brahmanism and Hinduism | ||
| 260 |
_aNew Delhi _bOriental Books Reprint Corporation _c1974 |
||
| 300 |
_axii,520 p. _bHB _c22.5x14 cm. |
||
| 650 |
_aHinduism _967622 |
||
| 650 |
_aBrahmanism _967623 |
||
| 650 |
_aHinduism--Rituals _967624 |
||
| 650 |
_aIndia--Religion _967625 |
||
| 700 |
_aWILLIAMS (Monier) _967626 |
||
| 942 |
_2ddc _cDB |
||
| 999 |
_c226065 _d226065 |
||